| 000 | 00519nam a22001697a 4500 | ||
|---|---|---|---|
| 003 | UA-OsUOA | ||
| 001 | 18327 | ||
| 007 | ta | ||
| 008 | 20040503b un ||||| |||| 00| 0 ukr d | ||
| 942 | _cSA | ||
| 040 |
_aUA-OsUOA _cUA-OsUOA _dUA-OsUOA |
||
| 245 |
_aМузичний ювілей _b[Дит. муз. шк. №1 ім. М.Лисенка -65 р.] |
||
| 300 | _aС.4 | ||
| 955 | _a0 | ||
| 773 | 0 |
_w0 _tРівненська газета _dРівне _d2004 _g№28/28 квіт./ |
|
| 650 | 7 |
_aКраєзнавча робота _2UDC |
|
| 999 |
_c304498 _d304498 |
||